[Event "NRW Verbandsklasse Group2 1314"]
[Site "Nordrheinwestfalen"]
[Date "2014.01.26"]
[Round "6.8"]
[White "Laake, Reinhard"]
[Black "Temming, Markus"]
[Result "1/2-1/2"]
[WhiteElo "1951"]
[BlackElo "1638"]
[PlyCount "47"]
[EventDate "2013.09.08"]
[EventType "team-tourn"]
[EventRounds "9"]
[EventCountry "GER"]
[SourceTitle "EXT 2020"]
[Source "ChessBase"]
[SourceDate "2019.10.17"]
[SourceVersion "1"]
[SourceVersionDate "2019.10.17"]
[SourceQuality "1"]
[WhiteTeam "Horst Emscher II"]
[BlackTeam "Germania Kupferdreh"]
[WhiteTeamCountry "GER"]
[BlackTeamCountry "GER"]

1. e4 e6 2. d4 d5 3. exd5 exd5 4. Bd3 Bd6 5. Nf3 Nf6 6. Bg5 Bg4 7. Qe2+ Be6 8. Nbd2 0-0 9. Ne5 Be7 10. 0-0-0 Nc6 11. c3 Nxe5 12. dxe5 Ne8 13. h4 c5 14. f4 h6 15. Qh5 f5 16. exf6 Nxf6 17. Bxf6 Rxf6 18. f5 Bf7 19. Qf3 Qa5 20. Bb1 b5 21. g4 Rd6 22. Rde1 Qd8 23. Nb3 Rc8 24. Qf2 1/2-1/2

[Event "NRW Verbandsklasse Group2 1314"]
[Site "Nordrheinwestfalen"]
[Date "2013.12.15"]
[Round "5.7"]
[White "Laake, Reinhard"]
[Black "Wagner, Peter"]
[Result "1-0"]
[WhiteElo "1951"]
[BlackElo "1718"]
[PlyCount "75"]
[EventDate "2013.09.08"]
[EventType "team-tourn"]
[EventRounds "9"]
[EventCountry "GER"]
[SourceTitle "EXT 2020"]
[Source "ChessBase"]
[SourceDate "2019.10.17"]
[SourceVersion "1"]
[SourceVersionDate "2019.10.17"]
[SourceQuality "1"]
[WhiteTeam "Horst Emscher II"]
[BlackTeam "Mengede SG"]
[WhiteTeamCountry "GER"]
[BlackTeamCountry "GER"]

1. e4 e5 2. Nf3 Nc6 3. Bb5 d6 4. d4 exd4 5. Nxd4 Bd7 6. Nxc6 bxc6 7. Bd3 Nf6 8. 0-0 Be7 9. c4 0-0 10. Nc3 Be6 11. f4 d5 12. cxd5 Bc5+ 13. Kh1 cxd5 14. e5 Ng4 15. Qe1 Nh6 16. f5 Nxf5 17. Bxf5 Bxf5 18. Rxf5 f6 19. exf6 Rxf6 20. Bg5 Qd7 21. Rxd5 Rd6 22. Rxc5 Re8 23. Re5 Rde6 24. Rxe6 Rxe6 25. Qd2 Rd6 26. Qe2 h6 27. Bf4 Re6 28. Qc4 Kh7 29. h3 c6 30. Rd1 Qf7 31. Qd3+ Kg8 32. Bg3 Rg6 33. Ne4 Qf5 34. Rf1 Qe6 35. Nd6 a5 36. Nf7 Rf6 37. Rxf6 gxf6 38. Qg6+ 1-0

[Event "NRW Verbandsklasse Group2 1314"]
[Site "Nordrheinwestfalen"]
[Date "2013.11.24"]
[Round "4"]
[White "Laake, Reinhard"]
[Black "Kurapkat, Werner"]
[Result "1-0"]
[WhiteElo "1951"]
[BlackElo "1829"]
[PlyCount "68"]
[EventDate "2013.09.08"]
[EventType "team-tourn"]
[EventRounds "9"]
[EventCountry "GER"]
[SourceTitle "EXT 2020"]
[Source "ChessBase"]
[SourceDate "2019.10.17"]
[SourceVersion "1"]
[SourceVersionDate "2019.10.17"]
[SourceQuality "1"]
[WhiteTeam "Horst Emscher II"]
[BlackTeam "Kirchhellen SF"]
[WhiteTeamCountry "GER"]
[BlackTeamCountry "GER"]

1. e4 d5 2. exd5 Qxd5 3. d4 g6 4. Nc3 Qd8 5. Be3 Bg7 6. Qd2 c6 7. 0-0-0 a5 8. d5 Qc7 9. Be2 h5 10. Nf3 a4 11. Nd4 Bd7 12. Rhe1 Nf6 13. Bf3 Kf8 14. h3 Qa5 15. dxc6 bxc6 16. Ne4 Qxd2+ 17. Nxd2 Nd5 18. Nc4 Nxe3 19. Nxe3 e5 20. Ne2 Ke7 21. Nc3 Be6 22. a3 Ra7 23. Be2 Bh6 24. Kb1 Bxe3 25. fxe3 Nd7 26. Bf3 Rc8 27. e4 Nc5 28. Ka1 Rb8 29. Rd2 Rab7 30. Rb1 Rb6 31. Ne2 f6 32. Nc3 Bc4 33. Rdd1 Be6 34. Rd2 Bc4 1-0

[Event "NRW Verbandsklasse Group2 1314"]
[Site "Nordrheinwestfalen"]
[Date "2013.10.13"]
[Round "2.6"]
[White "Volbracht, Michael"]
[Black "Laake, Reinhard"]
[Result "0-1"]
[WhiteElo "1775"]
[BlackElo "1951"]
[PlyCount "54"]
[EventDate "2013.09.08"]
[EventType "team-tourn"]
[EventRounds "9"]
[EventCountry "GER"]
[SourceTitle "EXT 2020"]
[Source "ChessBase"]
[SourceDate "2019.10.17"]
[SourceVersion "1"]
[SourceVersionDate "2019.10.17"]
[SourceQuality "1"]
[WhiteTeam "Welper SV II"]
[BlackTeam "Horst Emscher II"]
[WhiteTeamCountry "GER"]
[BlackTeamCountry "GER"]

1. d4 Nf6 2. Nf3 g6 3. Bg5 Bg7 4. e3 d5 5. Bd3 c5 6. c4 Nc6 7. Nc3 cxd4 8. exd4 Bg4 9. Bxf6 Bxf6 10. Nxd5 Bxd4 11. 0-0 e6 12. Re1 0-0 13. Ne3 Bxf3 14. gxf3 Bxb2 15. Rb1 Bc3 16. Rf1 Rb8 17. Be4 Qg5+ 18. Kh1 Rfd8 19. Qa4 Be5 20. Rg1 Qf4 21. Nf1 Nd4 22. Rg4 Qf6 23. Ng3 Kh8 24. Qa3 h5 25. Qe3 hxg4 26. Qh6+ Kg8 27. Nh5 Qh8 0-1

[Event "Ruhrgebiet VK2 0708"]
[Site "Germany"]
[Date "2008.02.17"]
[Round "6.1"]
[White "Helmert, Jochen"]
[Black "Laake, Reinhard"]
[Result "1/2-1/2"]
[WhiteElo "1946"]
[BlackElo "2029"]
[PlyCount "26"]
[EventDate "2007.09.16"]
[EventType "team"]
[EventRounds "9"]
[EventCountry "GER"]
[SourceTitle "EXT 2009"]
[Source "ChessBase"]
[SourceDate "2008.11.26"]
[SourceVersion "1"]
[SourceVersionDate "2008.11.26"]
[SourceQuality "1"]
[WhiteTeam "Unna SV"]
[BlackTeam "Horst Emscher II"]
[WhiteTeamCountry "GER"]
[BlackTeamCountry "GER"]

1. e4 e5 2. Nf3 Nf6 3. Nxe5 d6 4. Nf3 Nxe4 5. d4 d5 6. Bd3 Bg4 7. 0-0 Be7 8. c4 Nc6 9. cxd5 Qxd5 10. Nc3 Nxc3 11. bxc3 0-0 12. h3 Bh5 13. Re1 Bxf3 1/2-1/2

[Event "Ruhrgebiet VK2 0405"]
[Site "Ruhrgebiet"]
[Date "2004.11.28"]
[Round "4.1"]
[White "Goldschmidt, Christian"]
[Black "Laake, Reinhard"]
[Result "1-0"]
[WhiteElo "2054"]
[BlackElo "1969"]
[PlyCount "117"]
[EventDate "2004.09.12"]
[EventType "team"]
[EventRounds "9"]
[EventCountry "GER"]
[SourceTitle "EXT 2006"]
[Source "ChessBase"]
[SourceDate "2005.11.24"]
[SourceVersion "1"]
[SourceVersionDate "2005.11.24"]
[SourceQuality "1"]
[WhiteTeam "Brackel III"]
[BlackTeam "Horst II"]
[WhiteTeamCountry "GER"]
[BlackTeamCountry "GER"]

1. e4 Nf6 2. e5 Nd5 3. Nc3 Nb6 4. d4 d5 5. exd6 exd6 6. d5 Bf5 7. Bd3 Bg6 8. Nf3 Be7 9. h4 N8d7 10. h5 Bxd3 11. Qxd3 h6 12. Be3 Ne5 13. Nxe5 dxe5 14. 0-0-0 Qd7 15. Qe4 0-0-0 16. Bxb6 axb6 17. Qxe5 Bf6 18. Qg3 Rhe8 19. d6 Be5 20. dxc7 Qxd1+ 21. Nxd1 Rxd1+ 22. Kxd1 Bxg3 23. fxg3 Re5 24. Kd2 Kxc7 25. Re1 Rf5 26. Re7+ Kc6 27. Ke3 Rxh5 28. Rxf7 Rg5 29. Kf4 b5 30. Rf5 Rg6 31. g4 Rd6 32. Ke3 Rg6 33. Kf3 Rd6 34. Ke3 Rg6 35. Rf4 Rg5 36. a4 bxa4 37. Rxa4 h5 38. Kf3 g6 39. Rf4 Kc5 40. Re4 b5 41. c3 hxg4+ 42. Kg3 Kd5 43. Rb4 Kc5 44. Kh4 Rh5+ 45. Kxg4 Rf5 46. g3 Rd5 47. Re4 Rd2 48. Re5+ Kc4 49. b3+ Kxb3 50. Rxb5+ Kxc3 51. Rb6 Rd5 52. Rxg6 Kd4 53. Re6 Rd8 54. Kf5 Rf8+ 55. Rf6 Rc8 56. g4 Rc5+ 57. Kg6 Ke4 58. g5 Rc7 59. Rf1 1-0

[Event "Ruhrgebiet playoff 0304"]
[Site "Ruhrgebiet"]
[Date "2004.06.06"]
[Round "3.1"]
[White "Laake, Reinhard"]
[Black "Kummerow, Heiko"]
[Result "0-1"]
[WhiteElo "1981"]
[BlackElo "2246"]
[PlyCount "46"]
[EventDate "2004.05.16"]
[EventType "team"]
[EventRounds "3"]
[EventCountry "GER"]
[SourceTitle "EXT 2006"]
[Source "ChessBase"]
[SourceDate "2005.11.24"]
[SourceVersion "1"]
[SourceVersionDate "2005.11.24"]
[SourceQuality "1"]
[WhiteTeam "Horst II"]
[BlackTeam "Laeufer Ost"]
[WhiteTeamCountry "GER"]
[BlackTeamCountry "GER"]

1. e4 e6 2. d4 d5 3. exd5 exd5 4. Bd3 c5 5. dxc5 Bxc5 6. Nf3 Nf6 7. 0-0 0-0 8. h3 Nc6 9. Nc3 h6 10. Bd2 Qd6 11. Kh1 Re8 12. Nb5 Qd8 13. Bf4 Re7 14. Qc1 Ne4 15. Bxe4 dxe4 16. Ng1 Bf5 17. c4 Nb4 18. Nc3 Qd4 19. Na4 Nd3 20. Be3 Qe5 21. Qc2 Bd6 22. g3 Rc8 23. Bxa7 b5 0-1

[Event "Ruhrgebiet VK1 0304"]
[Site "Ruhrgebiet"]
[Date "2004.04.25"]
[Round "9.1"]
[White "Laake, Reinhard"]
[Black "Goldschmidt, Christian"]
[Result "0-1"]
[WhiteElo "1986"]
[BlackElo "2078"]
[PlyCount "76"]
[EventDate "2003.09.28"]
[EventType "team"]
[EventRounds "9"]
[EventCountry "GER"]
[SourceTitle "EXT 2007"]
[Source "ChessBase"]
[SourceDate "2006.11.23"]
[SourceVersion "1"]
[SourceVersionDate "2006.11.23"]
[SourceQuality "1"]
[WhiteTeam "Horst II"]
[BlackTeam "Brackel III"]
[WhiteTeamCountry "GER"]
[BlackTeamCountry "GER"]

1. e4 e5 2. Nf3 Nc6 3. Bc4 Nf6 4. Nc3 Nxe4 5. Nxe4 d5 6. Bd3 dxe4 7. Bxe4 Bg4 8. h3 Bh5 9. d3 Bc5 10. Bxc6+ bxc6 11. Qe2 0-0 12. Be3 Qd5 13. Bxc5 Qxc5 14. 0-0-0 f6 15. Qe3 Qa5 16. a3 Rab8 17. d4 e4 18. g4 exf3 19. gxh5 Qxh5 20. Qe6+ Qf7 21. Qxf7+ Kxf7 22. Rd3 Rfe8 23. Rxf3 Re2 24. Rc3 Ke7 25. Rg1 g6 26. Rxc6 Rxf2 27. Rxc7+ Kd6 28. Rxh7 Rc8 29. c3 Rb8 30. Rxg6 Kd5 31. b4 Rc8 32. Rg1 Kc4 33. d5 Re2 34. Rh4+ Kb3 35. c4 Rc2+ 36. Kd1 Ra2 37. Kc1 Rb2 38. Rg3+ Ka4 0-1

[Event "Ruhrgebiet VK1 0304"]
[Site "Ruhrgebiet"]
[Date "2004.03.28"]
[Round "8.1"]
[White "Belic, Jordanka"]
[Black "Laake, Reinhard"]
[Result "1-0"]
[WhiteElo "2291"]
[BlackElo "1986"]
[PlyCount "110"]
[EventDate "2003.09.28"]
[EventType "team"]
[EventRounds "9"]
[EventCountry "GER"]
[SourceTitle "EXT 2007"]
[Source "ChessBase"]
[SourceDate "2006.11.23"]
[SourceVersion "1"]
[SourceVersionDate "2006.11.23"]
[SourceQuality "1"]
[WhiteTeam "Dortmund Kleiner Koenig"]
[BlackTeam "Horst II"]
[WhiteTeamCountry "GER"]
[BlackTeamCountry "GER"]

1. e4 e5 2. Nf3 Nf6 3. Nxe5 d6 4. Nf3 Nxe4 5. Nc3 Nxc3 6. dxc3 Be7 7. Be3 0-0 8. Qd2 Nc6 9. 0-0-0 Be6 10. Nd4 Nxd4 11. cxd4 d5 12. Bd3 b6 13. Rde1 Qd7 14. c3 Bd6 15. Bf4 c5 16. Bxd6 Qxd6 17. Bc2 c4 18. Re5 Rfe8 19. Rhe1 h6 20. Qe2 Kf8 21. f4 b5 22. Bf5 Bd7 23. Bxd7 Qxd7 24. Qf3 Rxe5 25. Rxe5 Rd8 26. f5 f6 27. Re6 Re8 28. Rxe8+ Kxe8 29. Qf4 Kf7 30. Qf3 Qb7 31. g3 Qd7 32. Kd2 Qb7 33. Ke2 a5 34. a3 Kf8 35. Kf2 Kf7 36. Kg2 Kf8 37. h4 Kf7 38. Kh2 Kf8 39. Kg2 Kf7 40. Qf4 b4 41. axb4 axb4 42. Qf3 bxc3 43. bxc3 Kf8 44. Kh3 Qd7 45. g4 Kf7 46. g5 hxg5 47. hxg5 fxg5 48. Kg4 Qd6 49. Kxg5 Ke7 50. Kg4 Kd7 51. Qh1 Kc6 52. Qh8 Qd7 53. Qf8 Qa7 54. Qe8+ Qd7 55. Qxd7+ Kxd7 1-0

[Event "Ruhrgebiet VK1 0304"]
[Site "Ruhrgebiet"]
[Date "2003.12.07"]
[Round "4.1"]
[White "Laake, Reinhard"]
[Black "Terwey, Matthias"]
[Result "1/2-1/2"]
[WhiteElo "1986"]
[BlackElo "2000"]
[PlyCount "86"]
[EventDate "2003.09.28"]
[EventType "team"]
[EventRounds "9"]
[EventCountry "GER"]
[SourceTitle "EXT 2007"]
[Source "ChessBase"]
[SourceDate "2006.11.23"]
[SourceVersion "1"]
[SourceVersionDate "2006.11.23"]
[SourceQuality "1"]
[WhiteTeam "Horst II"]
[BlackTeam "Drewer SG"]
[WhiteTeamCountry "GER"]
[BlackTeamCountry "GER"]

1. e4 e5 2. Nf3 Nc6 3. d4 exd4 4. c3 dxc3 5. Nxc3 d6 6. Bc4 Nf6 7. Qb3 Na5 8. Bxf7+ Ke7 9. Qa4 Kxf7 10. Qxa5 Be7 11. e5 Ng4 12. Ne4 Rf8 13. Neg5+ Kg8 14. Qd5+ Kh8 15. Nf7+ Rxf7 16. Qxf7 dxe5 17. 0-0 e4 18. Ng5 Ne5 19. Qh5 Bf5 20. Nxe4 g6 21. Qe2 Qd4 22. Ng5 Rf8 23. Be3 Qh4 24. g3 Qc4 25. Qxc4 Nxc4 26. Bd4+ Kg8 27. f4 Rd8 28. Bc3 Bc5+ 29. Kh1 Ne3 30. h3 Nxf1 31. Rxf1 h6 32. g4 Bd7 33. Nf3 h5 34. Ne5 Be6 35. Kh2 hxg4 36. hxg4 Bxa2 37. Nxg6 Bb3 38. Ne5 Bd4 39. f5 Bxc3 40. bxc3 Rd2+ 41. Kg3 Re2 42. Kf4 a5 43. g5 Bc2 1/2-1/2

[Event "Ruhrgebiet VK1 0304"]
[Site "Ruhrgebiet"]
[Date "2003.09.28"]
[Round "1.1"]
[White "Lenz, Guntram"]
[Black "Laake, Reinhard"]
[Result "1/2-1/2"]
[WhiteElo "1878"]
[BlackElo "1986"]
[PlyCount "44"]
[EventDate "2003.09.28"]
[EventType "team"]
[EventRounds "9"]
[EventCountry "GER"]
[SourceTitle "EXT 2007"]
[Source "ChessBase"]
[SourceDate "2006.11.23"]
[SourceVersion "1"]
[SourceVersionDate "2006.11.23"]
[SourceQuality "1"]
[WhiteTeam "Boenen SV"]
[BlackTeam "Horst II"]
[WhiteTeamCountry "GER"]
[BlackTeamCountry "GER"]

1. e4 e5 2. Nf3 Nf6 3. Nxe5 Qe7 4. Nf3 Nxe4 5. Qe2 d5 6. d3 Nf6 7. Qxe7+ Bxe7 8. Bf4 c6 9. h3 0-0 10. Be2 Re8 11. 0-0 Bb4 12. Bd1 Bf5 13. Nd4 Bg6 14. a3 Bc5 15. Nb3 Bb6 16. Nc3 Nbd7 17. Na4 c5 18. Nxb6 axb6 19. Bf3 Ne5 20. Bxe5 Rxe5 21. Rfe1 Rae8 22. Rxe5 Rxe5 1/2-1/2

[Event "Ruhrgebiet VK2 0001"]
[Site "Ruhrgebiet"]
[Date "2001.01.21"]
[Round "5"]
[White "Landscheidt, Heinz"]
[Black "Laake, Reinhard"]
[Result "1/2-1/2"]
[WhiteElo "1899"]
[BlackElo "1870"]
[PlyCount "58"]
[EventDate "2000.09.17"]
[EventType "team-tourn"]
[EventRounds "9"]
[EventCountry "GER"]
[SourceTitle "EXT 2023"]
[Source "ChessBase"]
[SourceDate "2022.10.05"]
[SourceVersion "1"]
[SourceVersionDate "2022.10.05"]
[SourceQuality "1"]
[WhiteTeam "Bergeborbeck Wacker"]
[BlackTeam "Horst Emscher II"]
[WhiteTeamCountry "GER"]
[BlackTeamCountry "GER"]

1. e4 c6 2. d4 d5 3. Nc3 dxe4 4. Nxe4 Bf5 5. Ng3 Bg6 6. Nf3 e6 7. Ne5 Nd7 8. Nxg6 hxg6 9. Be3 Ngf6 10. Bd3 Nd5 11. Qe2 N7f6 12. 0-0-0 Qa5 13. Kb1 Rh4 14. Bd2 Qc7 15. c3 0-0-0 16. Nf1 Be7 17. Bg5 Rhh8 18. Ne3 Nxe3 19. Bxe3 Nd5 20. Qf3 Bf6 21. Be4 Nb6 22. Bf4 e5 23. dxe5 Bxe5 24. Bg5 f6 25. Bc1 g5 26. Bg6 Rxd1 27. Rxd1 Rd8 28. Bf5+ Kb8 29. Rxd8+ Qxd8 1/2-1/2